000 00621nam a2200217 u 4500
005 20240912063856.0
008 160607s2009 ag r 000 0 spa d
020 _a9789876021227
035 _aUPN01000211194
049 _aI
050 4 _aPZ78
_bS8.2
100 1 _aSuez, Perla,
_d1947-
_931628
245 1 0 _aArciboldo /
_cPerla Suez ; il. Jorge Cuello.
260 _aBuenos Aires :
_bComunicarte,
_cc2009.
300 _a[28] p. :
_bil. col.
440 0 _aVaquita de San Antonio
650 4 _aCuentos infantiles argentinos
_97466
650 4 _aCUENTOS FANTASTICOS
_97897
905 _aInfantil
999 _c183295
_d183295